[Event "Mechanics' Fall TNM; 30/90, SD/30"]
[Site "San Francisco"]
[Date "2014.11.18"]
[Round "4.13"]
[White "Campers, Willie"]
[Black "Gaffagan, Steven"]
[Result "0-1"]
[WhiteElo "1749"]
[BlackElo "2129"]
[Annotator "Donaldson"]
[PlyCount "52"]
[EventDate "2014.??.??"]

1. e4 c5 2. Nc3 a6 3. f4 b5 4. Nf3 Bb7 5. d3 e6 6. Be3 Nf6 7. Be2 d5 8. e5 Ng4
9. Bd2 b4 10. Na4 Be7 11. Ng5 Nxe5 12. fxe5 Bxg5 13. Nxc5 Bc6 14. d4 a5 15. O-O
O-O 16. Rf3 Nd7 17. Bxg5 Qxg5 18. Nxd7 Bxd7 19. Rg3 Qe7 20. Bd3 f5 21. exf6
Rxf6 22. Bxh7+ $4 (22. Qh5 g6 23. Qe5 $11) 22... Kxh7 23. Qh5+ Kg8 24. Re1 Raf8
25. Rh3 Rh6 26. Qxd5 exd5 0-1

[Event "Mechanics' Spring TNM; 30/90, SD/30"]
[Site "San Francisco"]
[Date "2014.03.25"]
[Round "2.23"]
[White "Campers, Willie"]
[Black "Kadri, Barbara"]
[Result "1-0"]
[WhiteElo "1663"]
[BlackElo "612"]
[PlyCount "59"]
[EventDate "2014.??.??"]

1. e4 e5 2. Nf3 Nf6 3. Nc3 Nc6 4. Bb5 Bd6 5. d3 Bc5 6. O-O d6 7. Bg5 Bd7 8. Nd5
Qb8 9. Nxf6+ gxf6 10. Bxf6 Rg8 11. Bh4 a6 12. Ba4 Qa7 13. c3 Bg4 14. b4 b5 15.
Bb3 Nxb4 16. cxb4 Bd4 17. Rc1 f6 18. Bxg8 O-O-O 19. Bxh7 Rh8 20. Bf5+ Bxf5 21.
exf5 Kd7 22. Qb3 c5 23. Qe6+ Kc6 24. Bxf6 Qh7 25. Bxh8 Qxh8 26. Nxd4+ exd4 27.
bxc5 b4 28. cxd6+ Kb5 29. d7 Qd8 30. Qc6+ 1-0

[Event "Mechanics' Spring TNM; 30/90, SD/30"]
[Site "San Francisco"]
[Date "2014.04.15"]
[Round "5.10"]
[White "Campers, Willie"]
[Black "Krasnov, Steven"]
[Result "0-1"]
[WhiteElo "1663"]
[BlackElo "2007"]
[Annotator "Donaldson"]
[PlyCount "88"]
[EventDate "2014.??.??"]

1. e4 c5 2. Nf3 e6 3. d4 cxd4 4. Nxd4 Nc6 5. Nc3 a6 6. a4 $6 Qc7 7. Be3 Nf6 8.
Be2 b6 $6 (8... Bb4 9. f3 (9. Bf3 Bxc3+ 10. bxc3 Ne5) 9... d5) (8... Be7 9. O-O
O-O 10. f4 d6 11. Qd2 Rd8 12. Bf3 Ne5 13. fxe5 dxe5) 9. O-O Bb7 10. f4 Bb4 (
10... Nxd4 11. Qxd4 (11. Bxd4 Nxe4) 11... Bc5 12. Qd3 O-O) 11. e5 Bxc3 12. exf6
(12. bxc3) 12... Bxb2 13. Rb1 (13. fxg7 Rg8 14. Rb1 Bxd4 15. Bxd4 Nxd4 16. Qxd4
Qxc2) 13... Bxd4 14. Bxd4 Nxd4 15. Qxd4 gxf6 16. Rxb6 Rg8 17. g3 Bc6 (17... Be4
18. c4 Ke7 19. a5 f5) 18. a5 Bb5 19. c4 (19. Bxb5 axb5 20. Rxb5 Rxa5 21. Rxa5
Qxa5 22. Ra1) 19... Bc6 20. Rfb1 (20. c5 $1) 20... e5 21. Qb2 (21. Qc5 $1 exf4
22. Bf3 fxg3 23. h4) 21... Qd6 22. Bf3 Qc5+ 23. Kg2 Bxf3+ 24. Kxf3 Ke7 25. Qb4
Rgc8 26. Qxc5+ Rxc5 27. R1b4 Rxa5 28. Ke4 Ra2 29. h4 a5 30. Rb2 Rxb2 31. Rxb2
Ke6 32. Rb6+ d6 33. f5+ Ke7 34. Kd5 a4 35. Rb7+ Ke8 36. Kxd6 a3 37. Rb1 a2 38.
Ra1 e4 39. c5 Kd8 40. c6 Ra6 41. Kc5 Kc7 42. Kb5 Ra8 43. g4 e3 44. g5 e2 0-1

[Event "Mechanics' Spring TNM; 30/90, SD/30"]
[Site "San Francisco"]
[Date "2014.05.06"]
[Round "8.18"]
[White "Campers, Willie"]
[Black "Louie, Henry"]
[Result "1-0"]
[WhiteElo "1663"]
[BlackElo "1475"]
[PlyCount "65"]
[EventDate "2014.??.??"]

1. e4 e5 2. Nf3 Nf6 3. Nc3 Nc6 4. d4 d6 5. Bb5 Bd7 6. O-O a6 7. Ba4 b5 8. Bb3
Be7 9. a3 O-O 10. h3 Qc8 11. Be3 Na5 12. Ba2 Nc4 13. Bxc4 bxc4 14. dxe5 dxe5
15. Nxe5 Be6 16. f4 Qb7 17. f5 Rad8 18. Qf3 Bc8 19. Nxc4 Rfe8 20. b3 c6 21. Na4
Qb5 22. Nab6 Bb7 23. Rad1 c5 24. a4 Qc6 25. Nd5 Nxd5 26. Na5 Qc7 27. Nxb7 Qxb7
28. exd5 Bd6 29. f6 g6 30. Bh6 Bf8 31. Bxf8 Rxf8 32. Qe3 Kh8 33. Qxc5 1-0

[Event "Mechanics' Winter TNM; 30/90, SD/30"]
[Site "San Francisco"]
[Date "2014.02.25"]
[Round "8.19"]
[White "Campers, Willie"]
[Black "Morgan, Jerry"]
[Result "0-1"]
[WhiteElo "1791"]
[BlackElo "1568"]
[Annotator "Donaldson"]
[PlyCount "114"]
[EventDate "2014.??.??"]

1. e4 Nf6 2. e5 Nd5 3. d4 d6 4. Nf3 dxe5 5. dxe5 Bg4 6. Bc4 e6 7. O-O Be7 8. h3
Bh5 9. Qe2 O-O 10. Rd1 c6 11. Bb3 Qc7 12. c4 Nb6 13. a4 Bxf3 14. Qxf3 Qxe5 15.
Nc3 Qc7 16. Ne4 N6d7 17. Bc2 Nf6 18. Bf4 Qc8 19. Bg5 Nbd7 {Diagram #} 20. Rxd7
$1 Qxd7 21. Rd1 $2 (21. Nxf6+ gxf6 (21... Bxf6 22. Bxf6 gxf6 23. Qg3+ Kh8 24.
Rd1 Qe7 (24... Qc8 25. Qh4 f5 26. Qf6+ Kg8 27. Rd3 f4 28. Rd4) 25. Qh4) 22. Bh6
Kh8 23. Rd1 Qc7 24. Qd3 f5 25. Qc3+ f6 26. Bxf8 Rxf8 27. Re1 $14) 21... Nd5 22.
Bxe7 Qxe7 23. cxd5 cxd5 24. Ng3 Rac8 25. Qd3 Qh4 26. Re1 Rc4 27. Bb3 Rd4 28.
Qc2 Qd8 29. Qc3 Qb6 30. Ne2 Rb4 31. Nc1 a5 32. Re5 Qd4 33. Re3 g6 34. Qc7 Qxb2
35. Rc3 b6 36. Nd3 Qb1+ 37. Nc1 Qb2 38. Kh2 Qd2 39. Nd3 Rd4 40. Ne5 Qf4+ 41.
Rg3 Re4 42. Qxb6 Qxe5 43. Qxa5 Rb8 44. Bd1 Re1 45. Bc2 Re2 46. Bd3 Rxf2 47. Bb5
Rc8 48. Qa6 Qc7 49. Be2 Rb8 50. Bf3 Rb1 51. h4 Rff1 52. Kh3 Rh1+ 53. Kg4 h5+
54. Kg5 Qxg3+ 55. Kf6 Qxh4+ 56. Ke5 Rhe1+ 57. Kd6 Qd8+ 0-1

[Event "Mechanics' Winter TNM; 30/90, SD/30"]
[Site "San Francisco"]
[Date "2014.01.14"]
[Round "2.8"]
[White "Campers, Willie"]
[Black "Niemann, Hans"]
[Result "0-1"]
[WhiteElo "1791"]
[BlackElo "1979"]
[PlyCount "58"]
[EventDate "2014.??.??"]

1. e4 c5 2. Nc3 Nc6 3. Nge2 g6 4. f4 Bg7 5. d3 d6 6. Be3 Nf6 7. h3 O-O 8. Qd2
Rb8 9. g4 e5 10. f5 Nd4 11. Bg2 h5 12. g5 Ne8 13. f6 Bh8 14. O-O-O Be6 15. Nd5
Bxd5 16. exd5 b5 17. Be4 b4 18. Bxd4 cxd4 19. Rdf1 Qa5 20. Kb1 Nc7 21. Rf2 Nxd5
22. Rhf1 Nc3+ 23. Nxc3 bxc3 24. Qc1 Rxb2+ 25. Qxb2 cxb2 26. Bxg6 fxg6 27. f7+
Kg7 28. Rf6 Qc5 29. Re6 Rxf7 0-1

[Event "Mechanics' Fall TNM; 30/90, SD/30"]
[Site "San Francisco"]
[Date "2014.10.28"]
[Round "2.10"]
[White "Campers, Willie"]
[Black "Niemann, Hans"]
[Result "0-1"]
[WhiteElo "1749"]
[BlackElo "2135"]
[PlyCount "76"]
[EventDate "2014.??.??"]

1. e4 c5 2. Nc3 d6 3. f4 Nc6 4. Nf3 g6 5. Bc4 Bg7 6. a3 e6 7. Ba2 Nge7 8. O-O
O-O 9. Ne2 d5 10. e5 f6 11. exf6 Bxf6 12. c3 Nf5 13. Bb1 b6 14. Bxf5 exf5 15.
d4 cxd4 16. Nexd4 Nxd4 17. Nxd4 Re8 18. Rf3 Re4 19. Be3 Bb7 20. Qd2 Qe7 21. Rg3
Kh8 22. Bf2 Re8 23. b4 a6 24. a4 Qc7 25. Rf3 Qe7 26. a5 b5 27. Rf1 Bg7 28. h3
Bh6 29. g4 fxg4 30. hxg4 Rf8 31. Bg3 Bc8 32. g5 Bg7 33. Nc6 Qd6 34. Ne5 Qe6 35.
Bf2 Bxe5 36. Bc5 Bd6 37. Bd4+ Kg8 38. Qh2 Qg4+ 0-1

[Event "Mechanics' SummerTNM; 30/90, SD/30"]
[Site "San Francisco"]
[Date "2014.07.01"]
[Round "6.13"]
[White "Campers, Willie"]
[Black "Nyangar, Enkhmaa"]
[Result "1-0"]
[WhiteElo "1614"]
[BlackElo "1807"]
[PlyCount "63"]
[EventDate "2014.??.??"]

1. e4 c5 2. Nc3 Nc6 3. f4 g6 4. Nf3 Bg7 5. Bc4 d6 6. a3 a6 7. d3 Nf6 8. Be3 Bd7
9. Qd2 O-O 10. f5 b5 11. Bd5 Nxd5 12. Nxd5 Bxb2 13. Ra2 Bg7 14. Bh6 e6 15. Bxg7
f6 16. Bxf8 Qxf8 17. fxe6 Bxe6 18. Rb2 Qg7 19. c3 Re8 20. O-O f5 21. Qg5 Rf8
22. Qg3 Ne5 23. Nxe5 dxe5 24. Qe3 Rc8 25. Rbf2 f4 26. Qd2 Rd8 27. c4 bxc4 28.
Qa5 Qf8 29. dxc4 Bc8 30. Qc7 Re8 31. Rb1 Bd7 32. Qxd7 1-0

[Event "Mechanics' SummerTNM; 30/90, SD/30"]
[Site "San Francisco"]
[Date "2014.06.17"]
[Round "4.27"]
[White "Campers, Willie"]
[Black "Paquette, James"]
[Result "1-0"]
[WhiteElo "1614"]
[BlackElo "1314"]
[PlyCount "65"]
[EventDate "2014.??.??"]

1. e4 g6 2. d4 Bg7 3. Be3 c5 4. Ne2 Qa5+ 5. Nbc3 d6 6. Qd2 e6 7. h4 Nc6 8. dxc5
dxc5 9. O-O-O Nf6 10. f3 O-O 11. Kb1 Rd8 12. Qc1 e5 13. Rxd8+ Nxd8 14. g4 Be6
15. Bh6 b5 16. Bxg7 Kxg7 17. Qd2 Nc6 18. Nc1 Nd4 19. Qe3 b4 20. Nd5 Rc8 21. Bc4
Rd8 22. h5 Nxd5 23. exd5 Bc8 24. Qxe5+ Kf8 25. h6 Nxf3 26. Qg7+ Ke7 27. d6+
Rxd6 28. Qxf7+ Kd8 29. Qxf3 Be6 30. Qf8+ Kc7 31. Bxe6 Rxe6 32. Qf7+ Kd6 33.
Rd1+ 1-0

[Event "Mechanics' SummerTNM; 30/90, SD/30"]
[Site "San Francisco"]
[Date "2014.06.03"]
[Round "2.25"]
[White "Campers, Willie"]
[Black "Poblete, Tyrone"]
[Result "1-0"]
[WhiteElo "1614"]
[BlackElo "1293"]
[PlyCount "71"]
[EventDate "2014.??.??"]

1. d4 c6 2. c4 Nf6 3. Nc3 e6 4. e4 d6 5. Nf3 Nbd7 6. a3 a6 7. Bd3 c5 8. d5 e5
9. O-O Be7 10. b4 b6 11. Rb1 Nh5 12. Bc2 Ndf6 13. h3 Bd7 14. g4 Nf4 15. Bxf4
exf4 16. e5 Nxg4 17. hxg4 Bxg4 18. exd6 Bxd6 19. Re1+ Kf8 20. Qd3 h5 21. Ne4 h4
22. Nxd6 Qxd6 23. Ne5 Bd7 24. Qf3 g5 25. bxc5 bxc5 26. Rb7 Rd8 27. Qc3 Rh6 28.
Qa5 Bc8 29. Rxf7+ Kg8 30. Ra7 h3 31. Nf7 h2+ 32. Kh1 Bg4 33. Be4 Qf6 34. Nxh6+
Qxh6 35. Qxd8+ Qf8 36. Bh7+ 1-0

[Event "Mechanics' Spring TNM; 30/90, SD/30"]
[Site "San Francisco"]
[Date "2014.04.01"]
[Round "3.11"]
[White "Campers, Willie"]
[Black "Potharum, Eitetsu"]
[Result "0-1"]
[WhiteElo "1663"]
[BlackElo "1800"]
[Annotator "Donaldson"]
[PlyCount "104"]
[EventDate "2014.??.??"]

1. e4 c5 2. Nf3 d6 3. d4 cxd4 4. Nxd4 Nf6 5. Nc3 g6 6. f3 Bg7 7. Be3 O-O 8. Qd2
Nc6 9. O-O-O d5 10. exd5 Nxd5 11. Nxd5 $6 (11. Nxc6 bxc6 12. Bd4 (12. Nxd5))
11... Qxd5 12. Nxc6 Qxc6 13. Bh6 Bf5 (13... Bxh6 14. Qxh6 Bf5 15. Bd3 $11 (15.
Rd2 Rac8 16. c3 Qa4)) 14. Bxg7 Kxg7 15. Qc3+ $2 (15. Bd3) 15... Qxc3 16. bxc3
Rac8 17. Kb2 Rc6 18. g4 Rb6+ 19. Kc1 Be6 20. a4 Rc6 21. Rd3 Rc4 22. a5 Ra4 23.
Kd2 Rxa5 24. Be2 Bc4 25. Rd7 Rd5+ 26. Rxd5 Bxd5 27. c4 Bc6 28. Ra1 a6 29. Ra5
Rd8+ 30. Ke3 Rd6 31. Re5 e6 32. h4 f6 33. c5 Rd5 34. Rxd5 Bxd5 35. c4 Bc6 36.
f4 e5 37. g5 fxg5 38. hxg5 exf4+ 39. Kxf4 h6 40. Bg4 hxg5+ 41. Kxg5 a5 42. Bd1
a4 43. Bc2 a3 44. Bb3 Be4 45. Ba2 Bc2 46. Kf4 Kf6 47. Ke3 g5 48. c6 bxc6 49.
Kd4 g4 50. c5 g3 51. Ke3 g2 52. Kf2 Be4 0-1

[Event "Mechanics' SummerTNM; 30/90, SD/30"]
[Site "San Francisco"]
[Date "2014.07.08"]
[Round "7.10"]
[White "Campers, Willie"]
[Black "Steger, Eric"]
[Result "0-1"]
[WhiteElo "1614"]
[BlackElo "1904"]
[PlyCount "120"]
[EventDate "2014.??.??"]

1. e4 e5 2. Nf3 Nc6 3. Bb5 a6 4. Ba4 Nf6 5. d3 b5 6. Bb3 Bc5 7. c3 O-O 8. O-O
Bb6 9. Qe2 d6 10. Bg5 h6 11. Bh4 Qe7 12. Nbd2 Na5 13. Bc2 Bg4 14. Rfc1 g5 15.
Bg3 Nh5 16. Nf1 Qf6 17. Ne3 Bxf3 18. Qxf3 Qxf3 19. gxf3 Kh7 20. Nd5 Rab8 21. a4
Nc6 22. axb5 axb5 23. Nxb6 Rxb6 24. b4 Kg7 25. h3 Rb7 26. Bb3 Ne7 27. Ra5 f5
28. Rca1 f4 29. Bh2 Nf6 30. Kf1 Ng6 31. Ke2 Nh4 32. d4 exd4 33. cxd4 c6 34. Ra6
Rc8 35. Be6 Re8 36. Bb3 Rc7 37. Rc1 Rec8 38. Be6 Re8 39. d5 Ng6 40. Raxc6 Rxc6
41. Rxc6 Ne5 42. Rxd6 Ra8 43. Rb6 Ra2+ 44. Kd1 Rxf2 45. Bxf4 gxf4 46. Rb7+ Kg6
47. Bf5+ Kh5 48. d6 Nxf3 49. d7 Rd2+ 50. Kc1 Rd4 51. Rxb5 Kh4 52. Rd5 Rc4+ 53.
Kd1 Nxd7 54. Rxd7 Rxb4 55. Rd6 Rd4+ 56. Rxd4 Nxd4 57. Bd7 Nf3 58. Ke2 Ne5 59.
Bf5 Kg3 60. Kf1 f3 0-1

[Event "Mechanics' Winter TNM; 30/90, SD/30"]
[Site "San Francisco"]
[Date "2014.01.28"]
[Round "4.25"]
[White "Campers, Willie"]
[Black "Vichik, Adam"]
[Result "0-1"]
[WhiteElo "1791"]
[BlackElo "1361"]
[Annotator "Donaldson"]
[PlyCount "131"]
[EventDate "2014.??.??"]

1. e4 e6 2. d4 d5 3. e5 c5 4. c3 Nc6 5. Nf3 Qb6 6. Bd3 Bd7 (6... cxd4 7. cxd4
Bd7) 7. Bc2 (7. O-O) (7. dxc5) 7... Rc8 8. O-O cxd4 9. cxd4 Nb4 10. Bb3 Bb5 11.
Re1 Nd3 12. Nc3 Nxe1 13. Nxe1 Bc6 14. Qg4 Ne7 15. Nf3 h6 (15... Nf5 16. Nxd5
Bxd5 17. Bxd5 Qc7 18. h3 exd5 19. Qxf5 Qc2) 16. Be3 Nf5 17. Ne2 Bd7 18. Ng3
Nxg3 19. Qxg3 Qa6 20. Nd2 Qd3 21. Rd1 Qg6 22. Qf3 Bb4 23. Nf1 Bb5 24. h4 O-O
25. Ng3 Bd3 26. h5 Qh7 27. Bd2 Bxd2 28. Rxd2 Bc2 29. Kh2 Rc7 30. Ne2 Qf5 31.
Bxd5 exd5 32. Qxd5 Qxh5+ 33. Kg1 Bd3 34. Nc3 Bc4 35. Qe4 Re8 36. f4 Rd8 37. d5
Bxd5 38. Rxd5 Rxd5 39. Qxd5 Kh7 40. Qd6 Rc6 41. Qd7 Rb6 42. b3 Rc6 43. Qd3+ Qg6
44. f5 Qg4 45. e6 fxe6 46. fxe6+ Qg6 47. Qxg6+ Kxg6 48. Nd5 Kg5 49. e7 Re6 50.
Kf2 Kf5 51. Kf3 Ke5 52. Nf4 Rxe7 53. Ng6+ Ke6 54. Nxe7 Kxe7 55. Ke4 Ke6 56. g4
g6 57. a3 h5 58. gxh5 gxh5 59. a4 h4 60. Kf4 Kd5 61. Kg4 Kc5 62. Kxh4 Kb4 63.
Kg3 Kxb3 64. Kf2 Kxa4 65. Ke1 Kb3 66. Kd2 0-1

[Event "Mechanics' Fall TNM; 30/90, SD/30"]
[Site "San Francisco"]
[Date "2014.12.02"]
[Round "6.12"]
[White "Campers, Willie"]
[Black "Wang, Yuan"]
[Result "0-1"]
[WhiteElo "1749"]
[BlackElo "2033"]
[PlyCount "116"]
[EventDate "2014.??.??"]

1. e4 c5 2. Nc3 Nc6 3. f4 g6 4. Nf3 Bg7 5. d3 e6 6. g3 Nge7 7. Bg2 O-O 8. O-O
d5 9. e5 Nf5 10. Qe1 a6 11. Ne2 b5 12. c3 a5 13. Qf2 Qb6 14. a3 a4 15. g4 Nh6
16. h3 Na5 17. Be3 Nb3 18. Rad1 Bb7 19. d4 cxd4 20. Nexd4 Nxd4 21. Nxd4 Qa6 22.
Qh4 f5 23. exf6 Rxf6 24. g5 Nf5 25. Nxf5 Rxf5 26. Bd4 Raf8 27. Bxg7 Kxg7 28.
Rd4 Qb6 29. Qe1 h6 30. h4 hxg5 31. hxg5 Rh8 32. Qe3 Bc8 33. Bh3 Rf7 34. Re1 Re8
35. Qe5+ Kf8 36. Kg2 Qc6 37. Kg3 Bd7 38. Bf1 Rf5 39. Qh8+ Ke7 40. Qg7+ Kd8 41.
Qxg6 e5 42. Qxc6 Bxc6 43. Rxe5 Rexe5 44. fxe5 Rxf1 45. Kg4 Ke7 46. Kh5 Kf7 47.
g6+ Kg7 48. Kg5 Rg1+ 49. Kf5 Rxg6 50. e6 Rg2 51. Ke5 Rxb2 52. Kd6 Be8 53. Ke7
Bg6 54. Rxd5 Rb3 55. Kd8 Rxa3 56. Rxb5 Rxc3 57. Rb7+ Kf6 58. e7 Rd3+ 0-1

[Event "Mechanics' Fall TNM; 30/90, SD/30"]
[Site "San Francisco"]
[Date "2014.12.16"]
[Round "8.16"]
[White "Campers, Willie"]
[Black "Xu, Linmiao"]
[Result "1-0"]
[WhiteElo "1749"]
[BlackElo "1424"]
[PlyCount "91"]
[EventDate "2014.??.??"]

1. e4 c5 2. Nc3 Nc6 3. f4 g6 4. Nf3 Bg7 5. a3 d6 6. Bc4 Nf6 7. h3 a6 8. d3 b5
9. Ba2 b4 10. axb4 cxb4 11. Ne2 Qb6 12. c3 a5 13. Bb3 Rb8 14. c4 O-O 15. Bd2
Nd7 16. Qc1 Nc5 17. Bc2 b3 18. Bb1 Nb4 19. Bxb4 Qxb4+ 20. Nc3 Bxc3+ 21. Qxc3
Qxc3+ 22. bxc3 b2 23. Rxa5 Nxd3+ 24. Kf1 Be6 25. Nd2 Nxf4 26. Kf2 Rfc8 27. Ra4
Bd7 28. Rb4 Be6 29. Ra4 Nh5 30. Bc2 Rc7 31. Rb1 Rcb7 32. Nf3 Nf6 33. Nd4 Bd7
34. Ra3 e5 35. Nb3 Nxe4+ 36. Ke3 Nc5 37. Nxc5 dxc5 38. Be4 Bf5 39. g4 Bxe4 40.
Kxe4 Rd7 41. Ra2 Rd2 42. Kxe5 Rc2 43. Kd5 Rxc3 44. Raxb2 Rxb2 45. Rxb2 Rxh3 46.
Kxc5 {and White later won.} 1-0

[Event "Mechanics' Fall TNM; 30/90, SD/30"]
[Site "San Francisco"]
[Date "2014.12.09"]
[Round "7.38"]
[White "Casares, Nick"]
[Black "Ayinala, Nihar"]
[Result "1-0"]
[WhiteElo "1600"]
[BlackElo "1108"]
[PlyCount "33"]
[EventDate "2014.??.??"]

1. e4 c5 2. Nf3 Nc6 3. d4 cxd4 4. Nxd4 e6 5. c4 Nge7 6. Nb5 d5 7. Bf4 Rb8 8.
Bc7 Qd7 9. Nd6+ Qxd6 10. Bxd6 Ra8 11. cxd5 exd5 12. exd5 Ng6 13. dxc6 bxc6 14.
Bc4 Bxd6 15. Qxd6 Ne7 16. O-O Bb7 17. Re1 1-0

[Event "Mechanics' Whitehead TNM; 30/90, SD/30"]
[Site "San Francisco"]
[Date "2014.08.05"]
[Round "1.5"]
[White "Casares, Nick"]
[Black "Byambaa, Uyanga"]
[Result "0-1"]
[WhiteElo "1600"]
[BlackElo "2171"]
[PlyCount "48"]
[EventDate "2014.??.??"]

1. e4 c5 2. Nf3 d6 3. d4 cxd4 4. Nxd4 Nf6 5. Nc3 g6 6. f3 Bg7 7. Be3 O-O 8. Bc4
Nc6 9. a3 Bd7 10. Qd2 Rc8 11. Ba2 Ne5 12. O-O-O a6 13. g4 b5 14. h4 h5 15. gxh5
Nxh5 16. Bh6 a5 17. Bxg7 Kxg7 18. Nf5+ Bxf5 19. exf5 b4 20. f6+ exf6 21. Nd5
bxa3 22. b3 Nxf3 23. Qf2 Ne5 24. Rdf1 Nd3+ 0-1

[Event "Mechanics' SummerTNM; 30/90, SD/30"]
[Site "San Francisco"]
[Date "2014.06.17"]
[Round "4.35"]
[White "Casares, Nick"]
[Black "Cole, Tony"]
[Result "1-0"]
[WhiteElo "1600"]
[BlackElo "1400"]
[Annotator "Donaldson"]
[PlyCount "51"]
[EventDate "2014.??.??"]

1. e4 {Note the players played with the wrong color by accident - Cole should
have been White.} e5 2. Nf3 Nc6 3. Bc4 h6 $2 4. d4 exd4 5. Nxd4 (5. c3 $5) 5...
Qf6 6. Nb5 Bd6 7. N1c3 a6 (7... Nge7) 8. Nd5 Qe5 9. Nxd6+ Qxd6 {Diagram #} 10.
O-O (10. Bf4 {wins on the spot. For example:} Ne5 11. Qh5 g5 12. Bxe5 Qxe5 13.
Nxc7+ Qxc7 14. Qxf7+ Kd8 15. Qf8#) 10... Ne5 11. Bb3 Nf6 12. Nxf6+ (12. f4 $1)
12... Qxf6 13. f4 Qb6+ 14. Kh1 Ng6 15. Qd3 d6 16. Be3 c5 17. Rad1 Be6 18. Ba4+
Bd7 19. Bxd7+ Kxd7 20. Qc3 Qc6 21. Bxc5 Qb5 22. Rxd6+ Ke8 23. Rfd1 Rg8 24. Rxg6
fxg6 25. Qe5+ Kf7 26. Qe7# 1-0

[Event "Mechanics' Fall TNM; 30/90, SD/30"]
[Site "San Francisco"]
[Date "2014.11.18"]
[Round "4.35"]
[White "Casares, Nick"]
[Black "Eastham, Asher"]
[Result "1-0"]
[WhiteElo "1600"]
[BlackElo "1339"]
[Annotator "Donaldson"]
[PlyCount "71"]
[EventDate "2014.??.??"]

1. e4 e5 2. Nf3 Nc6 3. Bc4 Bc5 4. b4 Bxb4 5. c3 Ba5 6. d4 exd4 7. Qb3 (7. O-O {
is the main line, but the text has its fans, including Nigel Short.}) 7... Qf6
(7... Qe7) 8. Bg5 (8. O-O {(the main line)} d3 {
was played in a blitz game between Short and Kasparov in 2011.}) 8... Qg6 9.
O-O Nge7 10. Bxe7 Kxe7 {played to avoid} (10... Nxe7 11. Ne5 {
although Houdini 4 thinks Black is doing well after} Qxe4 12. Bxf7+ Kd8) 11.
cxd4 Bb6 12. Nc3 Re8 13. Ne5 $2 (13. Nd5+) 13... Nxe5 14. dxe5 Kf8 {
Black has successfully castled by hand.} 15. Rad1 d6 (15... Rxe5) 16. Nd5 dxe5
$2 (16... Rxe5 $19) 17. Qa3+ (17. Bb5 Bg4 (17... c6 $2 18. Qa3+)) 17... Qd6 (
17... c5 $17) 18. Qf3 Qg6 19. Qa3+ c5 20. f4 Bg4 21. f5 Qg5 22. Qg3 h6 23. Rb1
Bh5 24. Qb3 Qd8 {Diagram #} (24... Rad8 $11) 25. f6 $1 Bg6 26. Qh3 $2 (26. Nxb6
axb6 27. Bxf7 $18) 26... Bxe4 $2 (26... Re6 $16) 27. fxg7+ Kxg7 28. Rxf7+ $2 (
28. Nxb6) 28... Kxf7 29. Nxb6+ Kg7 30. Qg4+ Bg6 (30... Kh8 $1) 31. Nd5 $2 (31.
Nxa8 h5 (31... Qxa8 32. Qd7+ $18) 32. Rxb7+ Kh6 $11) 31... b6 32. Rd1 Qd6 (
32... Kh7) 33. Ne3 Qf8 $4 (33... Qf6 34. Rd6 Qg5) 34. Rd7+ Re7 35. Rxe7+ Qxe7
36. Nf5+ 1-0

[Event "Mechanics' Whitehead TNM; 30/90, SD/30"]
[Site "San Francisco"]
[Date "2014.09.23"]
[Round "8.24"]
[White "Casares, Nick"]
[Black "Eytan, David"]
[Result "0-1"]
[WhiteElo "1600"]
[BlackElo "1496"]
[Annotator "Donaldson"]
[PlyCount "50"]
[EventDate "2014.??.??"]

1. e4 c5 2. Nf3 g6 3. d4 cxd4 4. Nxd4 Bg7 5. Nc3 Nc6 6. Be3 Nf6 7. f3 e6 8. Qd2
a6 9. O-O-O d5 10. g4 h6 11. h4 Bd7 12. Nxc6 Bxc6 13. e5 Nxg4 (13... Nd7) 14.
fxg4 d4 {Diagram #} 15. Qh2 Bxh1 16. Qxh1 Bxe5 17. Bf2 Qf6 18. Ne4 Qf4+ 19. Kb1
Qxg4 20. Bh3 Qh5 21. Bg3 O-O-O 22. Nc5 (22. Bg4 $1 Qxg4 23. Bxe5 $18) 22... Rd5
23. Nxe6 fxe6 24. Bxe6+ Rd7 25. Qd5 $4 (25. Bxd7+ Kxd7 26. Qxb7+ Kd8 27. Kc1
$18) 25... Qxd1# 0-1

[Event "Mechanics' Spring TNM; 30/90, SD/30"]
[Site "San Francisco"]
[Date "2014.03.25"]
[Round "2.9"]
[White "Casares, Nick"]
[Black "Gray, William"]
[Result "0-1"]
[WhiteElo "1608"]
[BlackElo "2034"]
[PlyCount "46"]
[EventDate "2014.??.??"]

1. e4 c5 2. Nf3 d6 3. d4 Nf6 4. Nc3 cxd4 5. Nxd4 g6 6. f3 Bg7 7. Be3 Nc6 8. Bc4
O-O 9. Qd2 Bd7 10. O-O-O Qc8 11. Bb3 Ne5 12. Qe2 a6 13. h3 b5 14. g4 Nc4 15. f4
a5 16. Nf3 Bc6 17. Bxc4 bxc4 18. Qxc4 Qb7 19. Nd5 Rac8 20. Nxf6+ Bxf6 21. b3
Bxe4 22. Qe2 Rxc2+ 23. Qxc2 Bxc2 0-1

[Event "Mechanics' Spring TNM; 30/90, SD/30"]
[Site "San Francisco"]
[Date "2014.04.15"]
[Round "5.15"]
[White "Casares, Nick"]
[Black "Lkhagvasuren, Zolboo"]
[Result "0-1"]
[WhiteElo "1608"]
[BlackElo "1802"]
[PlyCount "74"]
[EventDate "2014.??.??"]

1. e4 c5 2. Nf3 Nc6 3. d4 cxd4 4. Nxd4 Nf6 5. Nc3 d6 6. f3 e6 7. Bc4 Be7 8. Be3
O-O 9. Qd2 a6 10. O-O-O Nxd4 11. Bxd4 b5 12. Bb3 Bd7 13. g4 a5 14. a3 b4 15.
Nb1 bxa3 16. Nxa3 a4 17. Ba2 e5 18. Bc3 {Diagram #} Nxe4 19. Qe2 Nxc3 20. bxc3
Qb6 21. h4 d5 22. Nc4 dxc4 23. Rxd7 Ba3+ 24. Kd2 Rfd8 25. Rxd8+ Rxd8+ 26. Ke1
Qb2 27. Qxc4 Qc1+ 28. Kf2 Qxh1 29. Qxf7+ Kh8 30. Bd5 Bc5+ 31. Ke2 Qg2+ 32. Kd3
Qf1+ 33. Kd2 Qf2+ 34. Kc1 Be3+ 35. Kb2 Rb8+ 36. Ka1 Qxc2 37. Bb3 axb3 0-1

[Event "Mechanics' SummerTNM; 30/90, SD/30"]
[Site "San Francisco"]
[Date "2014.06.10"]
[Round "3.32"]
[White "Casares, Nick"]
[Black "Nagle, Michael"]
[Result "1/2-1/2"]
[WhiteElo "1600"]
[BlackElo "1402"]
[PlyCount "70"]
[EventDate "2014.??.??"]

1. e4 e6 2. d4 d5 3. Nc3 Bb4 4. e5 Bd7 5. a3 Ba5 6. Qg4 g6 7. Bd3 Qc8 8. b4 Bb6
9. Be3 a5 10. b5 c6 11. a4 c5 12. dxc5 Bxc5 13. Bxc5 Qxc5 14. Nge2 Nh6 15. Qd4
Qxd4 16. Nxd4 O-O 17. O-O f6 18. f4 fxe5 19. fxe5 Nf5 20. Bxf5 Rxf5 21. Nxf5
gxf5 22. Ne2 Be8 23. Nd4 Bf7 24. Ra3 Nd7 25. Rc3 Nxe5 26. Re1 Nc4 27. Nxe6 Re8
28. Kf2 Rxe6 29. Rxe6 Bxe6 30. Kf3 Kf7 31. Kf4 Kf6 32. Rh3 Kg7 33. Rg3+ Kf6 34.
Rh3 Kg7 35. Rg3+ Kf6 1/2-1/2

[Event "Mechanics' Spring TNM; 30/90, SD/30"]
[Site "San Francisco"]
[Date "2014.04.08"]
[Round "4.28"]
[White "Casares, Nick"]
[Black "Olson, David"]
[Result "1-0"]
[WhiteElo "1608"]
[BlackElo "1415"]
[PlyCount "41"]
[EventDate "2014.??.??"]

1. e4 c5 2. Nf3 d6 3. d4 cxd4 4. Nxd4 Nf6 5. Nc3 a6 6. Bc4 g6 7. f3 Bg7 8. Be3
e5 9. Nde2 b5 10. Bb3 Bb7 11. Qd2 h5 12. h4 Nc6 13. O-O-O Bf8 14. a3 Qc7 15.
Bg5 Nh7 16. Nd5 Qb8 17. Be3 Qd8 18. Bb6 Qc8 19. Nc7+ Kd7 20. Qd5 Ne7 21. Qxd6#
1-0

[Event "Mechanics' Whitehead TNM; 30/90, SD/30"]
[Site "San Francisco"]
[Date "2014.08.19"]
[Round "3.33"]
[White "Casares, Nick"]
[Black "Otterbach, Renate"]
[Result "1-0"]
[WhiteElo "1600"]
[BlackElo "1136"]
[PlyCount "55"]
[EventDate "2014.??.??"]

1. e4 e6 2. d4 d5 3. Nc3 Nf6 4. Bg5 Be7 5. e5 Ne4 6. Bxe7 Qxe7 7. Nf3 O-O 8.
Bd3 f6 9. Nxe4 dxe4 10. Bxe4 f5 11. Bd3 b6 12. O-O Bb7 13. c4 Nd7 14. Re1 Rad8
15. a3 Qf7 16. b4 c6 17. c5 a5 18. Bc4 Qh5 19. Bxe6+ Kh8 20. Bxd7 Rxd7 21. e6
Re7 22. Qb3 Rf6 23. Rad1 Bc8 24. d5 h6 25. d6 Rexe6 26. Rxe6 Bxe6 27. Qe3 f4
28. Qe5 1-0